Central Library OPAC University of Rajshahi

Nanotechnology Applications / (Record no. 37890)

MARC details
000 -LEADER
fixed length control field 00749nam a2200265 a 4500
001 - CONTROL NUMBER
control field 37890
003 - CONTROL NUMBER IDENTIFIER
rucl marc code BD-RjUL
005 - DATE AND TIME OF LATEST TRANSACTION
control field 20211209052701.0
008 - FIXED-LENGTH DATA ELEMENTS--GENERAL INFORMATION
fixed length control field 070920s2007 nyua b 101 0 eng c
020 ## - INTERNATIONAL STANDARD BOOK NUMBER
International Standard Book Number 9788178803227
035 ## - SYSTEM CONTROL NUMBER
System control number (BD-RjUL) 37995
040 ## - CATALOGING SOURCE
Original cataloging agency NHM
Transcribing agency NHM
Modifying agency BAKER
-- CUS
-- DLC
-- BD-RjUL
Language of cataloging eng
041 ## - LANGUAGE CODE
Language code of text/sound track or separate title eng
082 ## - DEWEY DECIMAL CLASSIFICATION NUMBER
Classification number 620.5
Author mark and year MAN 2007
245 10 - TITLE STATEMENT
Title Nanotechnology Applications /
Statement of responsibility, etc. K.P. Mathur
250 ## - EDITION STATEMENT
Edition statement 1st ed.
260 ## - PUBLICATION, DISTRIBUTION, ETC. (IMPRINT)
Place of publication, distribution, etc. New Delhi. :
Name of publisher, distributor, etc. Rajat Publications,
Date of publication, distribution, etc. 2007.
300 ## - PHYSICAL DESCRIPTION
Pagination ivi, 271 p. :
Size 25 cm.
504 ## - BIBLIOGRAPHY, ETC. NOTE
Bibliography, etc Includes bibliography and index.
650 #0 - SUBJECT ADDED ENTRY--TOPICAL TERM
Topical term or geographic name as entry element Nanotechnology
Form subdivision Congresses.
9 (RLIN) 117390
700 1# - ADDED ENTRY--PERSONAL NAME
Personal name Mathur, K.P.
942 ## - ADDED ENTRY ELEMENTS (KOHA)
Source of classification or shelving scheme Dewey Decimal Classification
Koha item type Books
Holdings
Lost status Source of classification or shelving scheme Damaged status Not for loan Collection code Permanent Location Current Location Shelving location Date acquired Source of acquisition Cost, normal purchase price Total Checkouts Full call number Date last seen Copy number Koha item type
  Dewey Decimal Classification   Not For Loan Non-fiction Central Library, University of Rajshahi Central Library, University of Rajshahi Reading Room 30/09/2010 Dhaka, Paragon Enterprises 600.00   620.5 MAN 2007 08/08/2015 C-1 Books